Katechismus katolického náboženství /

Hlavní autor: Kubíček, Václav, 1866-1951
Jazyk: Čeština
Vydáno: Praha : Česká katolická charita, 1951
Vydání: 6., opr. vyd.
Témata:
Externí odkaz: Digitalizovaný dokument
Fyzický popis: 159 s.
Knihy
Uloženo v:
LEADER 01078nam a22003012a 4500
001 001456849
003 CZ BrMZK
005 20150819104637.0
007 ta
008 150218s1951 xr er|||||||||||cze d
015 |a cnb000400124 
035 |a (OCoLC)85172371 
040 |a ABD064  |b cze  |d BOA001 
080 9 |a 268 
100 1 |a Kubíček, Václav,  |d 1866-1951  |7 jk01070379  |4 aut 
245 1 0 |a Katechismus katolického náboženství /  |c Václav Kubíček 
250 |a 6., opr. vyd. 
260 |a Praha :  |b Česká katolická charita,  |c 1951 
300 |a 159 s. 
500 |a Dostupné též v digitální podobě v aplikaci Kramerius 
610 2 7 |a Katolická církev  |7 kn20010710145  |2 czenas 
650 0 7 |a křesťanství  |7 ph115073  |2 czenas 
650 0 7 |a katechismy  |7 ph138473  |2 czenas 
856 4 1 |u http://www.digitalniknihovna.cz/mzk/uuid/uuid:721b5d40-5e65-11e2-ae1e-005056827e52  |y Digitalizovaný dokument  |x NDK 
910 |a BOA001  |b 2-0320.953 
990 |a BK 
991 |b 201502 
996 6 |b 2618809523  |c 2-0320.953  |l MZK  |r Sklad / do 24 hodin  |n 0  |w 001491942  |u 000010  |a 1  |e BOA001  |j MZK50  |s P